Statistics for Queen Lyrics

Click here to take the quiz!

General Stats

  • This quiz has been taken 44 times
  • The average score is 12 of 15

Answer Stats

QuestionAnswer% Correct
If I'm not back again this time tomorrow, carry on, carry on, as if nothing really mattersBohemian Rhapsody
100%
Out of the doorway the bullets rip, repeating to the sound of the beat.Another One Bites The Dust
98%
What the hell we fighting for? Just surrender and it won't hurt at all.Hammer To Fall
95%
To avoid complications, she never kept the same address.Killer Queen
95%
One flesh, one bone, one true religion. One voice, one hope, one real decision.One Vision
93%
Each morning I get up I die a little, can barely stand on my feet.Somebody To Love
93%
Whatever happens, I'll leave it all to chance. Another heartache, another failed romance.The Show Must Go On
90%
I go off to work on Monday morning, Tuesday, I go off to honeymoon.Lazing On A Sunday Afternoon
80%
But it's been no bed of roses, no pleasure cruiseWe Are The Champions
80%
It shakes all over like a jellyfish.Crazy Little Thing Called Love
78%
I'm one card short of a full deck, I'm not quite the shilling.I'm Going Slightly Mad
76%
Sometimes it seems like lately - I just don't know, the rest of my life's been - just a showThese Are The Days Of Our Lives
68%
I've been singing with my band, across the water, across the land.Fat Bottomed Girls
63%
Chipping around, kick my brains 'round the floor. These are the days, it never rains, but it pours.Under Pressure
56%
Soon the fire starts raging gets you more than half crazy.Headlong
49%

Score Distribution

Percentile by Number Answered

Percent of People with Each Score

Your Score History

You have not taken this quiz